000 00466nam a2200181Ia 4500
008 230524s9999 xx 000 0 und d
020 _a9788177227567
082 _a658.3
_bFIS
100 _aCynthia D.Fisher
245 0 _aHuman Resource Management
250 _aIST
260 _aNEW DELHI
_bbiztantra
_c2008
300 _aXVIII;805
500 _aQuantity Number: 5
650 _aManagement
700 _a"Lyle F.Schoenfeldt , James B.Shaw,,,"
942 _cBK
999 _c41416
_d41416